Los fichajes más caros del fútbol - Laterales derechos - 2017-2018 - Estadísticas

Estadísticas generales
  • Esta prueba ha sido intentada 26 veces
  • La puntuación promedio es 3 de 11
Estadísticas de respuestas
Coste (M €) Nacionalidad Último club Nuevo club Jugador % Correcto
52,70 Inglaterra Tottenham Manchester City Kyle Walker
100%
35,70 Portugal Benfica FC Barcelona Nélson Semedo
67%
25,00 Costa de Marfil PSG Tottenham Serge Aurier
50%
10,50 Argentina Estudiantes LP Tottenham Juan Foyth
21%
12,50 Brasil Torino AS Roma Bruno Peres
13%
7,00 España Juventus Sassuolo Pol Lirola
13%
16,00 Países Bajos Feyenoord AS Roma Rick Karsdorp
13%
12,00 Italia AC Milan Juventus Mattia De Sciglio
8%
24,00 Italia Atalanta AC Milan Andrea Conti
4%
7,00 Alemania Hoffenheim Borussia Dortmund Jeremy Toljan
4%
9,00 Francia Saint-Étienne LOSC Lille Kévin Malcuit
4%
No se encontraron pruebas coincidentes
Distribución de puntuación
Porcentaje de gente con cada puntuación
Porcentaje por número respondido
Historial de tus puntuaciones
No has intentado esta prueba.